El caso de los Jesuitas: ¿quién los mandó a matar?. Entrevista a José María Tojeira
Enregistré dans:
| Format: | Livre |
|---|---|
| Langue: | Spanish |
| Tags: |
Ajouter un tag
Pas de tags, Soyez le premier à ajouter un tag!
|
MARC
| LEADER | 00000nam a22000007a 4500 | ||
|---|---|---|---|
| 003 | cru CIDCACS/IIS | ||
| 005 | 20180516102937.0 | ||
| 007 | ta | ||
| 008 | 180516s1990 es |||p|r||||||0| ||spa|d | ||
| 999 | |c 41405 |d 41405 | ||
| 040 | |c cru CIDCACS/IIS | ||
| 245 | 2 | 3 | |a El caso de los Jesuitas: |b ¿quién los mandó a matar?. Entrevista a José María Tojeira |
| 300 | |a páginas 1015-1032 | ||
| 773 | 0 | |0 18723 |9 2006 |a Universidad Centroamericana José Simeón Cañas. |d San Salvador, El Salvador Universidad Centroamericana José Simeón |o 18775 |t ECA: | |
| 942 | |2 ddc |c PP | ||
